LEADER 01129nam a2200265 i 4500 001 000000129108 003 CaOOAMICUS 005 20180515000000.0 008 180515s1951 it u000 u ita u 013 $a101841 040 $aSeMil$bita 100 1 $aAncel, Alfred,$c.$0(OLS)http://semarc/name/20530 240 13$aLe comunisme et les paysans.$0(OLS)http://semarc/title/212704 245 13$aIl comunismo e i contadini /$cAlfred Ancel Vescovo Ausiliare di Lione ; Versione e presentazione di Giovanni Barra. 260 $aPinerolo :$bAlzani,$c1951. 300 $a82 p. ;$c19 cm. 490 0 $aPer comprendere ;$v3 650 4$aComunismo.$0(OLS)http://semarc/subject/9741 700 1 $aBarra, Giovanni,$d<1914-1975>.$0(OLS)http://semarc/name/2757 830 0$aPer comprendere ;$v3.$0(OLS)http://semarc/title/22309 850 $aSeMil 852 $aSeMil$W1$xVenegono$y1$m5D IX 25/15$j83242$B83242$CSeMilBibl$Z2$F86349 $81 961 $aOmaggio: Altro 996 $6245$aIl comunismo e i contadini$9(OLS)http://semarc/title/212703 996 $6260$aPinerolo :$bAlzani$9(OLS)http://semarc/publisher/34019 LEADER 01451nam a2200265 i 4500 001 000000161458 003 CaOOAMICUS 005 20070516000000.0 008 070516s1983 it u000 u ita u 013 $a138821 040 $aSeMil$bita 110 0 $aACLI.$0(OLS)http://semarc/name/42616 245 13$aIl lavoro č per l'uomo :$bLaborem exercens: un'enciclica da incarnare. Novitā e continuitā nell'insegnamento sociale della Chiesa /$cACLI. 260 $aRoma :$bEditrice Formazione e Lavoro,$cstampa 1983. 260 $aMilano :$bAssociazioni Cristiane Lavoratori Italiani,$cstampa 1983. 300 $a136 p. ;$c21 cm. 500 $aContiene : Note Bibliografiche ; Appendici. 650 4$aACLI - Dottrina sociale.$0(OLS)http://semarc/subject/17595 650 4$aGiovanni Paolo II - Encicliche . Laborem exercens.$0(OLS)http://semarc/subject/17596 850 $aSeMil 852 $aSeMil$W1$xVenegono$y1$m2A II 94$j112858$B112858$CSeMilBibl$Z2$F124208 $81 961 $aOmaggio: Altro 996 $6245$aIl lavoro č per l'uomo :$bLaborem exercens: un'enciclica da incarnare. Novitā e continuitā nell'insegnamento sociale della Chiesa$9(OLS)http://semarc/title/144551 996 $6260$aMilano :$bAssociazioni Cristiane Lavoratori Italiani$9(OLS)http://semarc/publisher/57011 996 $6260$aRoma :$bEditrice Formazione e Lavoro$9(OLS)http://semarc/publisher/44425